000 00285nam a22001217a 4500
008 170511b xxu||||| |||| 00| 0 eng d
041 _aeng
080 _23RD
_a34
100 _a15
101 _aSHJ
245 _aINTERNATIONAL GOVERNMENTAL ORGANIZATIONS
_cPEASLE, A.J
942 _2udc
_cBK
999 _c13201
_d13201